| 000 | 00339nam a22001097a 4500 | ||
|---|---|---|---|
| 999 |
_c7682 _d7682 |
||
| 008 | 190227b ||||| |||| 00| 0 eng d | ||
| 020 | _a9789998081246 | ||
| 245 | _aClimate change vulnerability assessment in Kurichhu ; a case of gangzur and kengkhar, Bhutan. | ||
| 260 |
_aBumthang ; _bUWICER, _c2018. |
||
| 300 |
_a58 P. _c24 cm. |
||
| 942 | _2ddc | ||